<?xml version="1.0" encoding="UTF-8"?><?xml-stylesheet type="text/xsl" href="static/style.xsl"?><OAI-PMH xmlns="http://www.openarchives.org/OAI/2.0/" xmlns:xsi="http://www.w3.org/2001/XMLSchema-instance" xsi:schemaLocation="http://www.openarchives.org/OAI/2.0/ http://www.openarchives.org/OAI/2.0/OAI-PMH.xsd"><responseDate>2026-04-18T05:59:54Z</responseDate><request verb="GetRecord" identifier="oai:www.recercat.cat:10230/58969" metadataPrefix="marc">https://recercat.cat/oai/request</request><GetRecord><record><header><identifier>oai:recercat.cat:10230/58969</identifier><datestamp>2025-12-18T01:23:21Z</datestamp><setSpec>com_2072_6</setSpec><setSpec>col_2072_452952</setSpec></header><metadata><record xmlns="http://www.loc.gov/MARC21/slim" xmlns:dcterms="http://purl.org/dc/terms/" xmlns:xsi="http://www.w3.org/2001/XMLSchema-instance" xmlns:doc="http://www.lyncode.com/xoai" xsi:schemaLocation="http://www.loc.gov/MARC21/slim http://www.loc.gov/standards/marcxml/schema/MARC21slim.xsd">
   <leader>00925njm 22002777a 4500</leader>
   <datafield ind2=" " ind1=" " tag="042">
      <subfield code="a">dc</subfield>
   </datafield>
   <datafield ind2=" " ind1=" " tag="720">
      <subfield code="a">Cienfuegos Mateo, Manuel</subfield>
      <subfield code="e">author</subfield>
   </datafield>
   <datafield ind2=" " ind1=" " tag="260">
      <subfield code="c">2024-02-06T13:48:52Z</subfield>
   </datafield>
   <datafield ind2=" " ind1=" " tag="260">
      <subfield code="c">2024-02-06T13:48:52Z</subfield>
   </datafield>
   <datafield ind2=" " ind1=" " tag="260">
      <subfield code="c">2019</subfield>
   </datafield>
   <datafield ind2=" " ind1=" " tag="520">
      <subfield code="a">This research examines the role currently played by the Court of Justice of the European Union in EU governance in light of recent case law, looking firstly at landmark court rulings from the past decade (2010-2019), with a particular focus on the Bauer and Broßonn case (2018) due to its particular relevance regarding the direct horizontal effect of rights recognised by the Charter of Fundamental Rights of the European Union and, indirectly, the applicability in a dispute between private parties of the provisions of a directive that gives concrete expression to these rights. It goes on to analyse the prominent position held by the Court of Justice within the institutional system of the EU subsequent to the Treaty of Lisbon of 13 December 2007, to give a better understanding of how this institution has been able to make such a decisive contribution to preserving and consolidating EU integration. The work concludes by thinking over whether there exists a government of judges within the European Union.</subfield>
   </datafield>
   <datafield ind2=" " ind1=" " tag="520">
      <subfield code="a">This work has been performed within the framework of research project DER2017-89753-P (La consolidación de la Carta de Derechos Fundamentales de la Unión Europea, CONSCARTA), funded by the Ministry of Industry, the Economy and Competitiveness in the 2017 call for applications.</subfield>
   </datafield>
   <datafield tag="653" ind2=" " ind1=" ">
      <subfield code="a">Court of Justice of the European Union</subfield>
   </datafield>
   <datafield tag="653" ind2=" " ind1=" ">
      <subfield code="a">Charter of fundamental rights of the European Union</subfield>
   </datafield>
   <datafield tag="653" ind2=" " ind1=" ">
      <subfield code="a">Principle of direct effect</subfield>
   </datafield>
   <datafield tag="653" ind2=" " ind1=" ">
      <subfield code="a">Bauer and Broßonn ruling</subfield>
   </datafield>
   <datafield tag="653" ind2=" " ind1=" ">
      <subfield code="a">Judicial governance</subfield>
   </datafield>
   <datafield tag="653" ind2=" " ind1=" ">
      <subfield code="a">European Union</subfield>
   </datafield>
   <datafield ind2="0" ind1="0" tag="245">
      <subfield code="a">The current role of the Court of Justice of the European Union in EU governance</subfield>
   </datafield>
</record></metadata></record></GetRecord></OAI-PMH>